| 000 | 00742nam a22002057a 4500 | ||
|---|---|---|---|
| 003 | JO-AjAnu | ||
| 005 | 20240326101117.0 | ||
| 008 | 240325b jo ||||| |||| 00| 0 ara d | ||
| 040 |
_aJO-AjAnu _bARA _cJO-AjAnu |
||
| 041 | 0 | _aara | |
| 050 |
_aHF5415.13.B34 _b2015 |
||
| 100 | 1 |
_aالبكري،ثامر _933264 _eمؤلف |
|
| 245 | 0 |
_aادارة التسويق = Marketing Management / _cتأليف ثامر البكري |
|
| 250 | _aالطبعة الخامسة | ||
| 260 |
_aعمان : _bدار اثراء، مكتبة الجامعة، _c2015 |
||
| 300 | _a480صفحة | ||
| 504 | _aيتضمن مراجع ببليوجرافية | ||
| 650 | 7 | 0 |
_aالتسويق المعاصر - اسسه ومفاهيمة _965153 |
| 942 |
_2lcc _cBK _n0 |
||
| 999 |
_c33343 _d33343 |
||